| 000 | 00476nam a2200169 a 4500 | ||
|---|---|---|---|
| 005 | 20140412111413.0 | ||
| 008 | 070221s19uu xx 00 eng d | ||
| 020 | _a0-7502-3556-x | ||
| 050 |
_aTR(GS 362.4 _bT382 2001 |
||
| 100 | _aThomas, Pat | ||
| 245 |
_aDon't call me special: afirst look at disability / _cPat Thomas. |
||
| 260 |
_aLondon : _bHodder children's books, _c2001. |
||
| 300 | _a29 | ||
| 440 | _aA first look at | ||
| 650 | _aHandicapped | ||
| 999 |
_c105738 _d105738 |
||